Inland regions of France - Statistics

General Stats
  • This quiz has been taken 17 times
  • The average score is 4 of 5
Answer Stats
Regions % Correct
Île-de-France
87%
Bourgogne -Franche-Comté
80%
Bourgogne -Franche-Comté
80%
Grand Est
73%
Centre-Val de Loire
67%
No matching quizzes found
Score Distribution
Percent of People with Each Score
Percentile by Number Answered
Your Score History
You have not taken this quiz